¡Basta ya! : Colombia : (Registro nro. 4129)

Detalles MARC
000 -LEADER
fixed length control field 01203nam a2200253Ia 4500
003 - CONTROL NUMBER IDENTIFIER
control field OSt
005 - DATE AND TIME OF LATEST TRANSACTION
control field 20200420173515.0
008 - FIXED-LENGTH DATA ELEMENTS--GENERAL INFORMATION
fixed length control field 191128s2013 ck ao gr 000 0dspa d
020 ## - INTERNATIONAL STANDARD BOOK NUMBER
International Standard Book Number 9789585760844
040 ## - CATALOGING SOURCE
Original cataloging agency CO-JMCR
Transcribing agency CO-JMCR
041 0# - LANGUAGE CODE
Language code of text/sound track or separate title spa
082 04 - DEWEY DECIMAL CLASSIFICATION NUMBER
Classification number 303.609861 /
Item number C397b
245 #0 - TITLE STATEMENT
Title ¡Basta ya! : Colombia :
Remainder of title Memorias de guerra y dignidad/
260 ## - PUBLICATION, DISTRIBUTION, ETC.
Place of publication, distribution, etc. [Bogotá] :
Name of publisher, distributor, etc. Centro Nacional de Memoria Historica,
Date of publication, distribution, etc. 2013
300 ## - PHYSICAL DESCRIPTION
Extent 429 Páginas :
Other physical details Ilustraciones, fotografías a color ;
Dimensions 21 X 28 cm
300 ## - PHYSICAL DESCRIPTION
Dimensions
505 ## - FORMATTED CONTENTS NOTE
Formatted contents note Una guerra prolongada y degradada. Dimensiones y modalidades de violencia -- Los orígenes, de las dinámicas y el crecimiento del conflicto armado
520 ## - SUMMARY, ETC.
Summary, etc. Este informe da cuenta de más de 50 años de conflicto armado en nuestro país. Revela la enorme magnitud, ferocidad y degradación de la guerra librada, y las graves consecuencias e impactos sobre la población civil. Se trata de una guerra difícil de explic
650 14 - SUBJECT ADDED ENTRY--TOPICAL TERM
Topical term or geographic name entry element Conflicto armado
Geographic subdivision Colombia
9 (RLIN) 3310
650 24 - SUBJECT ADDED ENTRY--TOPICAL TERM
Topical term or geographic name entry element Aspectos sociales
Geographic subdivision Colombia
9 (RLIN) 3311
650 24 - SUBJECT ADDED ENTRY--TOPICAL TERM
Topical term or geographic name entry element Informes Víctimas de la violencia
Geographic subdivision Colombia
9 (RLIN) 3312
650 24 - SUBJECT ADDED ENTRY--TOPICAL TERM
Topical term or geographic name entry element Aspectos sociales
Geographic subdivision Colombia
9 (RLIN) 3311
942 ## - ADDED ENTRY ELEMENTS (KOHA)
Source of classification or shelving scheme Dewey Decimal Classification
Koha item type Books
Existencias
Withdrawn status Lost status Source of classification or shelving scheme Materials specified (bound volume or other part) Damaged status Not for loan Home library Current library Shelving location Date acquired Source of acquisition Cost, normal purchase price Total Checkouts Full call number Barcode Date last seen Copy number Price effective from Koha item type
    Dewey Decimal Classification Donación--25/06/2018--     Biblioteca Pública José María del Castillo y Rada Biblioteca Pública José María del Castillo y Rada General Stacks 11/28/2019 Donación 0.00   303.609861 / C397b 201808948 05/16/2024 Ej.1 11/28/2019 Books